| 000 | 00419nam a22001337a 4500 | ||
|---|---|---|---|
| 082 |
_a625.7 _bNAT |
||
| 100 |
_aNational research council _926742 |
||
| 245 |
_aThe WASHO road test _bPart1: design, construction, and testing procedures |
||
| 260 |
_aWashington, D.C _bNational research council _c1954 |
||
| 300 |
_ax, 121 p. _billus. |
||
| 526 |
_a0 _b0 _c0 _d625_700000000000000_NAT |
||
| 650 |
_aMCE _9379 |
||
| 942 |
_2ddc _cBK |
||
| 999 |
_c547407 _d547407 |
||